1000 Common Spanish Verbs to English - Part 1 - Statistics

General Stats
  • This quiz has been taken 60 times
  • The average score is 174 of 500
Answer Stats
Hint Answer % Correct
obrar work, act
84%
preparar prepare, make
82%
caminar walk
80%
pasear walk, stroll
80%
donar donate, give
77%
estimar estimate, cost, calculate
77%
acabar finish, end, stop
77%
hablar speak, talk
77%
ganar win, gain, earn
77%
abortar abort, cancel
75%
ajustar adjust, adapt
75%
llamar call, summon
75%
causar | ocasionar cause, create
75%
inventar invent, create
75%
dejar stop, allow, quit
75%
parar stop, pause
75%
alterar alter, change
73%
importar import, matter, care
73%
motivar motivate, inspire
73%
notar note, notice
73%
adaptar adapt
70%
preguntar ask, question
70%
anular | cancelar cancel
70%
reclamar claim, reclaim
70%
limpiar clean, wipe
70%
irrespetar disrespect, ignore
70%
ignorar ignore, disregard
70%
amar love
70%
mencionar mention, name
70%
necesitar need, require
70%
nominar nominate
70%
optar opt, select
70%
posar pose, model
70%
reaccionar react, respond
70%
cantar sing
70%
estudiar study, examine
70%
activar activate
68%
respirar breathe, inhale
68%
calcular calculate
68%
editar edit, modify something
68%
irritar irritate, annoy
68%
mirar look, gaze
68%
lavar wash, rinse
68%
adoptar adopt
66%
curar cure, heal
66%
bailar dance
66%
exportar export
66%
odiar hate
66%
imaginar imagine
66%
innovar innovate
66%
observar observe, notice
66%
pintar paint, portray
66%
rentar rent, lease
66%
separar separate, part
66%
fumar smoke
66%
nadar swim
66%
cambiar change
64%
depositar deposit, deliver
64%
impulsar drive, boost, push, power
64%
pelear fight, argue
64%
arreglar fix, arrange, repair
64%
obsequiar give, treat
64%
ayudar help, assist somebody
64%
inspeccionar inspect, scan, examine something
64%
instalar install
64%
invitar invite
64%
limitar limit, restrict
64%
ordenar order, command
64%
pausar pause
64%
perfeccionar perfect, improve
64%
protestar protest, complain
64%
reparar repair, fix
64%
programar schedule, program
64%
mandar send, order
64%
afectar affect, influence somebody
61%
apreciar appreciate
61%
portar carry, wear
61%
originar cause, originate
61%
olvidar forget
61%
ilustrar illustrate
61%
inspirar inspire
61%
intimidar intimidate, bully
61%
manipular manipulate, tamper
61%
marchar march
61%
maltratar mistreat, abuse
61%
reformar reform, overhaul
61%
descansar rest
61%
asomar show, peek
61%
pasar spend, pass, happen
61%
acelerar accelerate, speed up, expedite
59%
aceptar accept, agree to
59%
expirar expire
59%
infectar infect
59%
meditar meditate, reflect
59%
ofertar offer, bid
59%
penetrar penetrate, enter
59%
reactivar reactivate, revive
59%
recitar recite, repeat
59%
representar represent, picture
59%
enrollar roll, wind, coil
59%
admirar admire, look up
57%
alarmar alarm, startle, frighten somebody
57%
doblar bend, double, fold
57%
capturar capture
57%
crear create
57%
exclamar exclaim
57%
agarrar grab, grasp, take
57%
lastimar hurt, harm
57%
impactar impact
57%
improvisar improvise
57%
planchar iron, press
57%
modelar model, shape
57%
monitorear monitor, track
57%
operar operate
57%
procrastinar procrastinate
57%
proporcionar provide, give
57%
alquilar rent
57%
silenciar silence, mute
57%
abusar abuse, misuse
55%
acumular accumulate
55%
asimilar assimilate, take something
55%
llorar cry, weep
55%
manejar drive, handle
55%
multar fine, ticket
55%
perdonar forgive, spare
55%
humillar humiliate
55%
implementar implement
55%
influenciar influence, bias
55%
insultar insult
55%
emigrar | migrar migrate
55%
nombrar name, appoint
55%
perfumar perfume, scent
55%
progresar progress, advance
55%
pronunciar pronounce, utter
55%
recaudar raise, collect
55%
refinar refine, polish
55%
salvar save, rescue
55%
callar silence
55%
simular simulate, fake
55%
reclinar tilt, recline
55%
esperar wait
55%
acompañar accompany, go with somebody
52%
animar animate
52%
anticipar anticipate
52%
presupuestar budget, estimate
52%
renunciar give up, quit
52%
invalidar invalidate, override
52%
saltar jump, skip
52%
legislar legislate, enact laws
52%
obsesionar obsess
52%
pilotear pilot, drive
52%
preservar preserve, conserve
52%
presionar pressure, press
52%
afinar refine, tune up
52%
respetar respect, honor
52%
duchar shower
52%
acomodar accommodate
50%
amputar amputate, cut off
50%
explotar exploit, develop
50%
luchar fight, strive
50%
desayunar have breakfast
50%
objetar object, refute
50%
participar participate, engage
50%
precipitar precipitate, rush
50%
reafirmar reaffirm, bolster
50%
matricular register, enroll
50%
ahorrar save
50%
quedar stay, remain
50%
robar steal, lift
50%
laborar work
50%
articular articulate
48%
calmar calm
48%
desear desire, wish
48%
elaborar develop, prepare something
48%
brindar | regalar give
48%
saludar greet, salute
48%
cenar have dinner, dine
48%
inhalar inhale
48%
laminar laminate
48%
negociar negotiate, deal
48%
procesar process, prosecute
48%
promocionar promote, advertise
48%
prosperar prosper, thrive
48%
remunerar remunerate, compensate
48%
solucionar solve, fix
48%
hurtar steal
48%
anunciar announce, advertise, declare
45%
quemar burn, sear
45%
atrapar catch, trap
45%
preocupar concern, worry
45%
impresionar impress
45%
incorporar incorporate
45%
mezclar mix, blend
45%
moldear mold
45%
procrear procreate, breed
45%
afamar promote, fame
45%
plantear raise, pose
45%
racionar ration
45%
recrear recreate, replicate
45%
rotar rotate
45%
segmentar segment, section
45%
agitar shake, agitate, stir
45%
soportar support, bear
45%
alertar alert
43%
argumentar argue
43%
bañar bathe, coat something
43%
plasmar depict, reflect
43%
procurar ensure, try
43%
recobrar gain, recover
43%
honrar honor, grace
43%
inaugurar inaugurate, open
43%
incitar incite, encourage, prompt
43%
besar kiss
43%
mapear map
43%
sancionar punish, sanction
43%
reajustar readjust, reset
43%
registrar record, log
43%
reflexionar reflect, consider
43%
rehabilitar rehabilitate, reinstate
43%
revelar reveal, disclose
43%
remar row, paddle
43%
asignar assign, allocate
41%
auditar audit
41%
recolectar collect, harvest
41%
recortar cut, trim
41%
captar get
41%
incapacitar incapacitate, disable
41%
predeterminar predetermine, preset
41%
predominar predominate, prevail
41%
saturar saturate
41%
rebanar slice, cut
41%
apoyar support
41%
respaldar support, endors
41%
molestar disturb, annoy
39%
ejercitar exercise train somebody
39%
rellenar fill, complete
39%
llenar fill, populate
39%
incubar hatch, incubate
39%
infiltrar infiltrate
39%
intentar try, attempt
39%
sumar add, sum
36%
asociar associate
36%
acampar camp, go camping
36%
llevar carry, conduct
36%
adivinar guess
36%
mejorar improve, enhance
36%
recompensar reward, compensate
36%
seccionar section, divide
36%
iniciar start, begin, initiate
36%
sanar heal, recuperate
34%
golpear hit somebody
34%
rebajar lower, reduce
34%
administrar manage, administer, dispense
34%
señalar point, indicate
34%
irradiar radiate, shine
34%
recuperar recover, regain
34%
reagrupar regroup, rearrange
34%
sabotear sabotage
34%
gastar spend
34%
girar turn
34%
borrar delete, erase
32%
agrupar group
32%
bajar lower, decrease
32%
abonar pay, fertilise
32%
pensionar pension
32%
reintegrar reintegrate, refund
32%
remediar remedy, alleviate
32%
sentenciar sentence, convict
32%
nublar cloud, blur
30%
incentivar incentivize
30%
malinterpretar misinterpret, misunderstand
30%
oxigenar oxygenate
30%
patentar patent
30%
proliferar proliferate
30%
reforestar reforest
30%
patinar skate, skid
30%
apestar smell, stink
30%
acostumbrar accustom
27%
lograr achieve, reach, accomplish
27%
sujetar hold, secure
27%
incrementar increase, augment
27%
inyectar inject
27%
juntar join, gather
27%
anhelar long, wish, look forward
27%
casar marry
27%
grabar record
27%
reinar reign, rule
27%
reprochar reproach, blame
27%
reiniciar restart, reboot
27%
regresar return, come back
27%
apartar separate
27%
brillar shine
27%
saborear taste
27%
pesar weigh
27%
asesorar advise, counsel somebody
25%
peinar comb, style
25%
profanar desecrate, profane
25%
habitar inhabit
25%
liderar lead, pioneer
25%
levitar levitate
25%
subcontratar outsource, subcontract
25%
patrullar patrol
25%
empujar push, shove somebody
25%
sospechar suspect
25%
menospreciar underestimate, despise
25%
subestimar underestimate, undervalue
25%
redactar draft, write
23%
palpar feel, palpate
23%
maquillar make up
23%
pisar step, foot
23%
marrar | relatar tell, narrate
23%
atar tie, bind somebody
23%
aconsejar advise
20%
soplar blow
20%
dañar damage, harm, injure
20%
lidiar deal, cope
20%
heredar inherit
20%
alimentar nurture, feed, fuel
20%
oxidar oxidize, rust
20%
quitar remove, strip
20%
aliviar alleviate
18%
evitar avoid
18%
aclarar clarify
18%
retrasar delay, slow
18%
drenar drain
18%
intercambiar exchange, swap
18%
asustar frighten, scare
18%
aumentar increase, enhance
18%
madurar mature, ripen
18%
orar pray
18%
solicitar request, apply
18%
restaurar restore, refurbish
18%
jurar swear, vow
18%
arrojar throw
18%
abordar address, approach, tackle
16%
agravar aggravate
16%
mordisquear chew
16%
orientar guide, direct
16%
linchar lynch
16%
sobrestimar overestimate
16%
prefigurar prefigure, foreshadow
16%
sazonar season, spice
16%
presentar submit, file
16%
abundar abound
14%
apelar appeal
14%
pestañear blink, wink
14%
limar file, polish
14%
involucrar involve, engage
14%
orquestar orchestrate
14%
pelar peel, skin
14%
propulsar propel
14%
arañar | rasguñar | rayar scratch
14%
manchar stain, soil
14%
aproximar approach
11%
ladrar bark
11%
armar build
11%
perforar drill, perforate
11%
amueblar furnish
11%
abrumar overcome, overwhelm, exhaust
11%
envenenar poison
11%
citar quote somebody
11%
rembolsar reimburse, repay
11%
liberar release, unleash
11%
salvaguardar safeguard, protect
11%
olfatear sniff, scent
11%
apilar stack, pile
11%
subrayar stress, underline
11%
restar subtract, deduct
11%
succionar suck
11%
sudar sweat
11%
retar challenge, defy
9%
alegrar cheer up, brighten somebody
9%
afirmar claim
9%
sobrellevar cope with, endure
9%
adornar decorate, garnish
9%
idear devise, design
9%
afrontar face
9%
cansar get tired
9%
egresar graduate
9%
sobar knead, touch
9%
jalar pull
9%
regocijar rejoice
9%
resucitar revive, resurrect
9%
asegurar secure
9%
sombrear shade
9%
rasurar shave
9%
silbar whistle
9%
presenciar witness, attend
9%
promediar average
7%
pitar beep, honk
7%
rebotar bounce, rebound
7%
magullar bruise
7%
elogiar commend, praise
7%
arrastrar drag
7%
lloviznar drizzle
7%
aguantar endure
7%
pastar graze, pasture
7%
alojar host
7%
aislar isolate
7%
igualar match
7%
ordeñar milk
7%
adeudar owe
7%
echar pour
7%
alabar praise, commend
7%
suminstrar provide, supply
7%
saciar quench, satiate
7%
solventar resolve, settle
7%
repasar review, rework
7%
sellar seal, stamp
7%
refugiar shelter
7%
suplantar supplant, impersonate
7%
inclinar tilt, tip something
7%
retirar withdraw, take away
7%
apuntar aim
5%
subastar auction
5%
agachar bend
5%
licitar bid
5%
acariciar caress
5%
burlar cheat
5%
aplastar crush
5%
ilusionar deceive
5%
habilitar enable somebody
5%
maquinar engineer, intrigue
5%
revolotear flutter
5%
adelantar forward
5%
intercalar insert, intersperse
5%
rotular label
5%
aflojar loosen, undo something
5%
saquear loot, plunder
5%
humectar moisturize
5%
superar overcome, exceed
5%
labrar plow
5%
recetar prescribe
5%
aportar provide
5%
aspirar pursue, vacuum something
5%
regutar refute, rebute
5%
asar roast, grill something
5%
redondear round
5%
regañar scold, tell off
5%
raspar scrape
5%
atornillar screw
5%
afilar sharpen
5%
remojar soak
5%
rebalsar spill
5%
patrocinar sponsor
5%
brotar sprout
5%
almacenar store
5%
aprovechar take advantage
5%
menear wag, swish
5%
enflorar adorn with flowers
2%
regatear bargain, haggle
2%
adobar baste, pickle something
2%
estafar defraud
2%
inhabilitar disable
2%
perturbar disrupt, disturb
2%
incrustar embed
2%
bordar embroider
2%
apurar hasten
2%
noquear knock out
2%
maniobrar maneuver
2%
mimar pamper, spoil
2%
sancochar parboil
2%
picotear peck
2%
perseverar persevere, persist
2%
arar plough
2%
retratar portray, render
2%
imposibilitar preclude
2%
sondear probe, survey
2%
podar prune, crop
2%
ronronear purr
2%
rifar raffle
2%
recapacitar reconsider
2%
reorientar redirect, realign
2%
saltear sauté
2%
agotar sell out
2%
holgazanear slack
2%
alisar smooth, straighten
2%
lapidar stone
2%
alejar take away
2%
anotar take notes
2%
porracear thrash
2%
capacitar train
2%
opinar voice, comment on
2%
aguardar wait for
2%
acusar accuse somebody of something
0%
pactar covenant, compromise
0%
incomodar discomfort somebody
0%
alistar get ready
0%
estorbar hinder somebody
0%
asear tidy something up
0%
pisotear trample, stamp
0%
socavar undermine, undercut
0%
arropar wrap up
0%
No matching quizzes found
Score Distribution
Percent of People with Each Score
Percentile by Number Answered
Your Score History
You have not taken this quiz